Beyoncé - Chansons commençants par un chiffre - Statistiques

Statistiques générales
  • Ce quiz a été pris 6 fois
  • Le résultat moyen est 2 sur 5
Statistiques - réponses
Chiffres % Correct
1+1
100%
713
60%
03 Bonnie & Clyde
40%
16 Carriages
40%
6 Inch
0%
Aucun quiz correspondant
Distribution des résultats
% des personnes avec chaque résultat
Percentile par nombre de réponses
Votre historique - résultats
Vous n’avez pas pris ce quiz